100 great activities (Record no. 4782)

MARC details
000 -CABECERA
campo de control de longitud fija 02021cam a2200313 i 4500
001 - NÚMERO DE CONTROL
campo de control 10529391
003 - IDENTIFICADOR DEL NÚMERO DE CONTROL
campo de control CaAEU
005 - FECHA Y HORA DE LA ÚLTIMA TRANSACCIÓN
campo de control 20250619143943.0
008 - DATOS DE LONGITUD FIJA--INFORMACIÓN GENERAL
campo de control de longitud fija 240416t20242024enka 001 0 eng d
020 ## - NÚMERO INTERNACIONAL ESTÁNDAR DEL LIBRO
Número Internacional Estándar del Libro 9781009348737
035 ## - NÚMERO DE CONTROL DEL SISTEMA
Número de control de sistema on1430198756
040 ## - FUENTE DE LA CATALOGACIÓN
Centro catalogador/agencia de origen JDP
Lengua de catalogación eng
Normas de descripción rda
Centro/agencia transcriptor JDP
Centro/agencia modificador OCLCO
-- YDX
-- AEVC
041 ## - CÓDIGO DE LENGUA
Código de lengua del texto/banda sonora o título independiente eng
050 ## - SIGNATURA TOPOGRÁFICA DE LA BIBLIOTECA DEL CONGRESO
Número de clasificación PE1128.A2
Número de documento/Ítem A43 2024
245 00 - MENCIÓN DE TÍTULO
Título 100 great activities
Resto del título : the best of the Cambridge handbooks for language teachers
Mención de responsabilidad, etc. / edited by Penny Ur and Scott Thornbury.
246 ## - FORMA VARIANTE DE TÍTULO
Título propio/Titulo breve One hundred great activities :
Resto del título best of the Cambridge handbooks for language teachers
246 ## - FORMA VARIANTE DE TÍTULO
Título propio/Titulo breve Hundred great activities
246 ## - FORMA VARIANTE DE TÍTULO
Título propio/Titulo breve Best of the Cambridge handbooks for language teachers
260 ## - PUBLICACIÓN, DISTRIBUCIÓN, ETC.
Lugar de publicación, distribución, etc. Cambridge ;
-- New York, NY :
Nombre del editor, distribuidor, etc. Cambridge University Press,
Fecha de publicación, distribución, etc. 2024.
300 ## - DESCRIPCIÓN FÍSICA
Extensión xi, 169 pages:
Otras características físicas illustrations;
Dimensiones 25 cm
490 ## - MENCIÓN DE SERIE
Mención de serie Cambridge handbooks for language teachers
500 ## - NOTA GENERAL
Nota general Includes index.
520 ## - SUMARIO, ETC.
Sumario, etc. Since 1979, teachers have trusted Cambridge Handbooks for Language Teachers to provide practical ideas, techniques and activities for the teaching of English and other languages. This book brings together 100 of the best-loved activities, selected by current and former series editors Scott Thornbury and Penny Ur, based on recommendations by authors. It begins by describing some general principles of what makes a good language teaching activity including clear learning outcomes, minimal material and preparation demands, versatility, and durability over time. The activities are organised into six clear sections, covering speaking, listening, reading, writing, vocabulary and grammar. The collection as a whole represents the essence of good language teaching practice over nearly half a century, making it an essential resource for teachers.
650 #0 - PUNTO DE ACCESO ADICIONAL DE MATERIA--TÉRMINO DE MATERIA
Término de materia o nombre geográfico como elemento de entrada Language and languages
Subdivisión general Study and teaching
9 (RLIN) 25211
650 #0 - PUNTO DE ACCESO ADICIONAL DE MATERIA--TÉRMINO DE MATERIA
Término de materia o nombre geográfico como elemento de entrada Activity programs in education
9 (RLIN) 10050
700 ## - ENTRADA AGREGADA--NOMBRE PERSONAL
Nombre de persona Ur, Penny
Término indicativo de función/relación editor
9 (RLIN) 25546
700 ## - ENTRADA AGREGADA--NOMBRE PERSONAL
Nombre de persona Thornbury, Scott
Fechas asociadas al nombre 1950-
Término indicativo de función/relación editor
9 (RLIN) 25547
942 ## - ELEMENTOS DE ENTRADA AGREGADA (KOHA)
Fuente del sistema de clasificación o colocación Clasificación de Library of Congress
Holdings
Estado de retiro Estado de pérdida Fuente del sistema de clasificación o colocación Estado dañado No para préstamo Biblioteca de origen Biblioteca actual Fecha de adquisición Total de préstamos Signatura topográfica completa Código de barras Fecha visto por última vez Número de copia Precio válido a partir de Tipo de ítem Koha
    Clasificación de Library of Congress     TBS Barcelona TBS Barcelona 19/06/2025   PE1128.A2 UR B05778 19/06/2025 1 19/06/2025 Book

Powered by Koha